000 00649nam a2200205 i 4500
001 000018255
005 20200929165425.0
008 760429s1975 quc 000 1 fre
010 _a76459919
015 _aC***
020 _c$4.95
040 _aDO-SdBNP
_cDLC
_dDLC
050 0 0 _aPQ3919.2.C528
_bF6
100 1 _aChatillon, Pierre,
_d1939-
_939546
245 1 3 _aLe fou :
_broman /
_cPierre Chatillon.
260 _aMontreal :
_bEditions du Jour : distributeur, Nouvelles Messageries internationales du livre,
_c[c1975].
300 _a107 p. ;
_c20 cm.
490 0 _aCollection Romanciers du jour ; R-122
910 _aCatalogación por copia / LC
999 _c17776
_d17776